[Event "Porticcio Open"]
[Site "?"]
[Date "2016.06.30"]
[Round "8.5"]
[White "Laznicka, Viktor"]
[Black "Sagar, S."]
[Result "1-0"]
[WhiteElo "2654"]
[BlackElo "2433"]
[PlyCount "59"]
[EventDate "2016.??.??"]

1. Nf3 Nf6 2. c4 e6 3. g3 d5 4. Bg2 c5 5. cxd5 exd5 6. d4 Nc6 7. O-O Be7 8. Nc3
O-O 9. Bg5 cxd4 10. Nxd4 h6 11. Be3 Re8 12. Qa4 Na5 13. Rad1 Bd7 14. Qc2 Nc4
15. Nxd5 Nxd5 16. Qxc4 Nxe3 17. fxe3 Qb6 18. Rxf7 Rac8 19. Qd5 Bc6 20. Nxc6
bxc6 21. Qe6 c5 22. Bd5 Qxe6 23. Bxe6 Bg5 24. Rc7+ Rxe6 25. Rxc8+ Kh7 26. Kg2
Bxe3 27. b3 Bd4 28. Rd2 Be3 29. Rd3 Bd4 30. Kf1 1-0

[Event "Porticcio Open"]
[Site "?"]
[Date "2016.06.30"]
[Round "8.7"]
[White "Capone, N."]
[Black "Jones, Gawain C B"]
[Result "0-1"]
[WhiteElo "2397"]
[BlackElo "2650"]
[PlyCount "92"]
[EventDate "2016.??.??"]

1. d4 Nf6 2. c4 g6 3. Nc3 Bg7 4. e4 O-O 5. Be2 d6 6. Be3 c5 7. dxc5 Qa5 8. Bd2
Qxc5 9. Nf3 Bg4 10. O-O Nbd7 11. Rc1 Bxf3 12. Bxf3 Qxc4 13. Nd5 Qxa2 14. Ra1
Qxb2 15. Bc3 Qb5 16. Be2 Qc5 17. Bb4 Nxd5 18. Bxc5 Nc3 19. Qc2 Nxc5 20. Ra3
N3xe4 21. Bf3 Ng5 22. Bd5 e6 23. h4 exd5 24. hxg5 b5 25. Rb1 a6 26. Qd1 d4 27.
Rh3 Rfe8 28. g3 d3 29. Qf3 d2 30. Kg2 Ne4 31. Rxh7 Kxh7 32. Qxf7 Nxg3 33. Rd1
Re1 34. Rxd2 Rf8 35. Qd7 Nf5 36. Rd3 Nh4+ 37. Kg3 Rh1 38. f4 Nf5+ 39. Kg2 Rh4
40. Rh3 b4 41. Qb7 Rxh3 42. Kxh3 a5 43. Kg4 Re8 44. Qh1+ Kg8 45. Qd5+ Kf8 46.
Qxa5 b3 0-1

[Event "Porticcio Open"]
[Site "?"]
[Date "2016.06.30"]
[Round "8.8"]
[White "Bekker-Jensen, Simon"]
[Black "Edouard, Romain"]
[Result "0-1"]
[WhiteElo "2460"]
[BlackElo "2648"]
[PlyCount "70"]
[EventDate "2016.??.??"]

1. d4 e6 2. c4 Bb4+ 3. Bd2 a5 4. e4 d5 5. a3 Bxd2+ 6. Nxd2 Ne7 7. Ngf3 Nbc6 8.
Be2 O-O 9. O-O b6 10. cxd5 exd5 11. e5 Nf5 12. Nb1 f6 13. Bb5 Bb7 14. Nc3 fxe5
15. Bxc6 Bxc6 16. Nxe5 Bb7 17. Qd2 c5 18. Nf3 Nd6 19. Rad1 Rxf3 20. gxf3 Qf6
21. dxc5 Qg6+ 22. Kh1 d4 23. Ne4 Qf5 24. Qd3 Nxe4 25. Qb3+ Bd5 26. fxe4 Qxe4+
27. f3 Bxb3 28. fxe4 Bxd1 29. Rxd1 bxc5 30. Rc1 Rc8 31. Rc4 d3 32. Rc1 Rb8 33.
Rd1 c4 34. Rd2 Rxb2 35. Rxb2 c3 0-1

[Event "Porticcio Open"]
[Site "?"]
[Date "2016.07.01"]
[Round "9.1"]
[White "Sengupta, Deep"]
[Black "Naroditsky, Daniel"]
[Result "1/2-1/2"]
[WhiteElo "2543"]
[BlackElo "2634"]
[PlyCount "75"]
[EventDate "2016.??.??"]

1. e4 e6 2. d4 d5 3. Nd2 Be7 4. Ngf3 Nf6 5. e5 Nfd7 6. Bd3 c5 7. c3 Nc6 8. O-O
a5 9. Re1 cxd4 10. cxd4 Qb6 11. a3 Nxd4 12. Nxd4 Qxd4 13. Nf3 Qb6 14. Qc2 Nc5
15. Be3 Qb3 16. Bxh7 Qxc2 17. Bxc2 Bd7 18. Nd4 Rc8 19. g3 O-O 20. f4 Na4 21.
Bxa4 Bxa4 22. Rac1 Bd7 23. Rxc8 Rxc8 24. Rc1 Rxc1+ 25. Bxc1 Bc5 26. Be3 Bxd4
27. Bxd4 a4 28. Kf2 Bb5 29. Ke3 Bc4 30. g4 g6 31. Kf3 b5 32. Kg3 Bf1 33. Kh4
Kg7 34. Kg5 Bh3 35. Kh4 Bf1 36. Kg5 Bh3 37. Kh4 Bf1 38. Kg5 1/2-1/2

[Event "Porticcio Open"]
[Site "?"]
[Date "2016.07.01"]
[Round "9.2"]
[White "Bacrot, Etienne"]
[Black "Areshchenko, Alexander"]
[Result "1/2-1/2"]
[WhiteElo "2695"]
[BlackElo "2654"]
[PlyCount "108"]
[EventDate "2016.??.??"]

1. e4 c5 2. Nf3 d6 3. d4 cxd4 4. Nxd4 Nf6 5. Nc3 a6 6. Be3 e5 7. Nb3 Be6 8. f3
h5 9. Nd5 Bxd5 10. exd5 Nbd7 11. Qd2 g6 12. Be2 Bg7 13. O-O b6 14. c4 O-O 15.
Rae1 Re8 16. h3 a5 17. Na1 b5 18. c5 Qb8 19. cxd6 Rd8 20. Rc1 Nb6 21. Bxb5
Nbxd5 22. Bc6 Nxe3 23. Qxe3 Ra6 24. d7 Nxd7 25. Bxd7 Rxd7 26. Nb3 Rad6 27. Kh1
Rd5 28. Rfe1 Kh7 29. Qe4 Qb6 30. Qc4 Bh6 31. Nc5 Rd8 32. Rc2 Bf4 33. Ne4 h4 34.
Qf1 Kg7 35. Qg1 Qb4 36. Nc3 Rd2 37. Re2 Rxc2 38. Rxc2 Rd2 39. Rxd2 Bxd2 40. Qa1
f5 41. Ne2 Qb5 42. Nc3 Qc4 43. Qd1 Bxc3 44. bxc3 Qxc3 45. Qd6 Qc1+ 46. Kh2 Qf4+
47. Kh1 Qc1+ 48. Kh2 Qe1 49. a4 Kh6 50. Qf6 Kh5 51. Qd8 Qg3+ 52. Kh1 Qe1+ 53.
Kh2 Qg3+ 54. Kh1 Qe1+ 1/2-1/2

[Event "Porticcio Open"]
[Site "?"]
[Date "2016.07.01"]
[Round "9.3"]
[White "Cornette, Matthieu"]
[Black "Laznicka, Viktor"]
[Result "1/2-1/2"]
[WhiteElo "2583"]
[BlackElo "2654"]
[PlyCount "108"]
[EventDate "2016.??.??"]

1. e4 c5 2. Nf3 e6 3. d4 cxd4 4. Nxd4 Nc6 5. Nc3 a6 6. Nxc6 bxc6 7. Bd3 d5 8.
O-O Nf6 9. Re1 Be7 10. e5 Nd7 11. Qg4 Kf8 12. Na4 h5 13. Qf4 c5 14. c4 d4 15.
Bg6 Qe8 16. Bxh5 Rxh5 17. Qf3 Rxe5 18. Rxe5 Nxe5 19. Qxa8 Bd7 20. Qe4 f6 21. b3
Qh5 22. f3 Bc6 23. Qe2 d3 24. Qf2 Bd6 25. f4 Bxa4 26. fxe5 Bxe5 27. Qxc5+ Kf7
28. Bf4 d2 29. Bxe5 d1=Q+ 30. Rxd1 Qxd1+ 31. Kf2 Qd2+ 32. Kf3 Qd3+ 33. Kf2 Qf5+
34. Ke3 Qg5+ 35. Kf2 Bd7 36. Bd6 Qd2+ 37. Kf1 Qc1+ 38. Kf2 Qb2+ 39. Kg3 Qxa2
40. Qb6 Qc2 41. h3 e5 42. Qb8 Qe4 43. Kf2 Bc6 44. g4 Qf3+ 45. Ke1 Kg6 46. Kd2
e4 47. Qh8 Qd3+ 48. Ke1 Qe3+ 49. Kf1 Qf3+ 50. Ke1 Qe3+ 51. Kf1 Qc1+ 52. Ke2
Qc2+ 53. Ke1 Qc3+ 54. Ke2 Qc2+ 1/2-1/2

[Event "Porticcio Open"]
[Site "?"]
[Date "2016.07.01"]
[Round "9.5"]
[White "Jones, Gawain C B"]
[Black "Libiszewski, F."]
[Result "1-0"]
[WhiteElo "2650"]
[BlackElo "2537"]
[PlyCount "65"]
[EventDate "2016.??.??"]

1. c4 e6 2. g3 d5 3. Bg2 Nf6 4. Nf3 dxc4 5. O-O a6 6. Qc2 Bd6 7. Qxc4 b5 8. Qb3
c5 9. d3 Nc6 10. Be3 Bb7 11. a4 c4 12. Qd1 cxd3 13. axb5 dxe2 14. Qxe2 axb5 15.
Nc3 O-O 16. Qxb5 Rb8 17. Rfd1 Qe7 18. Ng5 Nb4 19. Ra7 Nbd5 20. Bd4 Rfd8 21.
Nxd5 Nxd5 22. Ne4 Nc7 23. Qh5 Bxe4 24. Bxe4 f5 25. Bc6 e5 26. Bc3 Bc5 27. Ra5
g6 28. Rxd8+ Qxd8 29. Qe2 Bd4 30. Rxe5 Bxc3 31. Qc4+ Kf8 32. Qxc3 Qd6 33. Re2
1-0

[Event "Porticcio Open"]
[Site "?"]
[Date "2016.07.01"]
[Round "9.6"]
[White "Edouard, Romain"]
[Black "Kuzubov, Yuriy"]
[Result "1-0"]
[WhiteElo "2648"]
[BlackElo "2635"]
[PlyCount "57"]
[EventDate "2016.??.??"]

1. d4 g6 2. e4 d6 3. Bc4 Nf6 4. Qe2 Nc6 5. Nf3 Bg4 6. Bb5 Nd7 7. c3 Bg7 8. Nbd2
e5 9. d5 Ne7 10. h3 Bxf3 11. Nxf3 O-O 12. Bd3 h6 13. g4 c6 14. c4 cxd5 15. cxd5
Nxd5 16. exd5 e4 17. Bxe4 Re8 18. Nd2 f5 19. gxf5 gxf5 20. Qh5 fxe4 21. Nc4 Qf6
22. Rg1 Ne5 23. Nxe5 Rxe5 24. Qxh6 Kf7 25. Qe3 Qf3 26. Rg4 Qh1+ 27. Ke2 Rf5 28.
Rxg7+ Kf8 29. Rg4 1-0

[Event "Porticcio Open"]
[Site "?"]
[Date "2016.07.01"]
[Round "9.7"]
[White "Schroeder, Ja"]
[Black "Grandelius, Nils"]
[Result "1/2-1/2"]
[WhiteElo "2507"]
[BlackElo "2643"]
[PlyCount "153"]
[EventDate "2016.??.??"]

1. e4 c5 2. Nf3 d6 3. Bb5+ Nd7 4. O-O a6 5. Bd3 Ngf6 6. Re1 e6 7. c3 b5 8. Bc2
Bb7 9. d4 Be7 10. a4 cxd4 11. cxd4 O-O 12. Bg5 h6 13. Bh4 e5 14. Nbd2 Re8 15.
Bd3 bxa4 16. Rxa4 exd4 17. Rxd4 Qb8 18. Bb1 Ne5 19. Bg3 Qa7 20. Nc4 Nxc4 21.
Rxc4 Qb6 22. Re3 Rac8 23. Nd2 Ba8 24. Rec3 Rcd8 25. h3 Rd7 26. Qa4 Qxb2 27. Bc2
Qb5 28. Rb4 Qe2 29. Rd4 Rdd8 30. Re3 Qb5 31. Bd3 Qxa4 32. Rxa4 Nh5 33. Rxa6 Bg5
34. Re2 Nxg3 35. fxg3 d5 36. e5 Bxd2 37. Rxd2 Rxe5 38. Rda2 Ree8 39. Bb5 Rf8
40. Ra7 g6 41. Be2 d4 42. Rd2 Rd6 43. Bc4 Be4 44. Rf2 Bd5 45. Bd3 Re8 46. Rf4
Be6 47. Rf6 Red8 48. h4 h5 49. Kf2 R8d7 50. Rxd7 Rxd7 51. Rf4 Kg7 52. Ke2 f6
53. Re4 Bf5 54. Re8 Bg4+ 55. Kd2 Ra7 56. Bc4 Ra3 57. Re7+ Kh6 58. Bd5 Rxg3 59.
Rf7 Bf5 60. Bf3 Bh3 61. Rxf6 Bxg2 62. Be2 Re3 63. Rd6 Re4 64. Bd3 Rg4 65. Bf5
Rg3 66. Bd3 Rg4 67. Bf5 Rg3 68. Bd3 Ba8 69. Rxd4 Bb7 70. Ke2 Bc8 71. Kf2 Rg4
72. Rxg4 Bxg4 73. Kg3 g5 74. Bc2 gxh4+ 75. Kxh4 Kg7 76. Kg5 Bd7 77. Kxh5
1/2-1/2

[Event "Porticcio Open"]
[Site "?"]
[Date "2016.07.01"]
[Round "9.8"]
[White "Meyer, Eric"]
[Black "Maze, S."]
[Result "0-1"]
[WhiteElo "1646"]
[BlackElo "2627"]
[PlyCount "218"]
[EventDate "2016.??.??"]

1. d4 Nf6 2. c4 b6 3. f3 Nc6 4. e4 e5 5. d5 Ne7 6. Be3 Ng6 7. Nc3 Bc5 8. Qd2 h5
9. h4 O-O 10. Nge2 a5 11. Bg5 Re8 12. a3 Nf8 13. Na4 Be7 14. d6 cxd6 15. Be3
Rb8 16. Nec3 Ne6 17. Qf2 Nc5 18. Rb1 Bb7 19. Be2 Bc6 20. b3 Nh7 21. g3 Nf8 22.
O-O Nfe6 23. f4 exf4 24. Bxf4 Bf6 25. Bg5 Bd4 26. Bxd8 Bxf2+ 27. Rxf2 Rexd8 28.
Rbf1 f6 29. Bxh5 Nxb3 30. Rb2 Bxa4 31. Nxa4 Nbc5 32. Nxb6 Rb7 33. Rfb1 Rdb8 34.
Kg2 Nd4 35. Bg6 Nc6 36. Bf5 Ne5 37. h5 Kf7 38. Rb5 Ke7 39. a4 Kd8 40. Kf2 Ned3+
41. Ke3 Nb4 42. Nd5 Nxd5+ 43. exd5 Rxb5 44. axb5 Kc7 45. Kd2 Re8 46. b6+ Kb7
47. g4 Ra8 48. Kc3 Ra6 49. Re1 a4 50. Bc2 Kxb6 51. Kb4 Kc7 52. Ra1 Rb6+ 53. Kc3
Ra6 54. Kb4 Ra8 55. Bxa4 Kb6 56. Ra3 Rxa4+ 57. Rxa4 Nxa4 58. Kxa4 Kc5 59. Kb3
Kd4 60. Kb4 Ke4 61. Kb5 Kf4 62. Kb6 Kxg4 63. Kc7 f5 64. Kxd6 f4 65. c5 f3 66.
h6 gxh6 67. c6 dxc6 68. dxc6 f2 69. c7 f1=Q 70. c8=Q+ Qf5 71. Qg8+ Kh3 72. Kc7
Qg4 73. Qh7 h5 74. Kb6 h4 75. Ka5 Qg5+ 76. Ka6 Qf6+ 77. Ka5 Qe5+ 78. Ka6 Qd6+
79. Ka5 Qc5+ 80. Ka6 Qc4+ 81. Ka5 Kh2 82. Qf5 Qa2+ 83. Kb6 Qb3+ 84. Ka6 Qa3+
85. Kb6 Qe3+ 86. Ka6 h3 87. Qg4 Qa3+ 88. Kb5 Qg3 89. Qe2+ Kg1 90. Qd1+ Kg2 91.
Qe2+ Qf2 92. Qg4+ Kh2 93. Ka5 Qd2+ 94. Kb5 Qd3+ 95. Ka5 Kh1 96. Qf4 Kg2 97.
Qg4+ Kf2 98. Qf4+ Ke2 99. Qh2+ Kd1 100. Qg1+ Kc2 101. Kb6 Qd6+ 102. Kb5 Qe5+
103. Kb6 Qe6+ 104. Ka5 Qd5+ 105. Kb6 Qd6+ 106. Ka5 Qd2+ 107. Ka4 h2 108. Qc5+
Kb1 109. Qb6+ Kc1 0-1